[Event "40th Olympiad Women"]
[Site "Istanbul TUR"]
[Date "2012.09.04"]
[Round "7.50"]
[Board "2"]
[White "Jose Polanco, Kenia"]
[Black "Ooft, Tesora"]
[Result "1/2-1/2"]
[WhiteTitle "WCM"]
[BlackTitle "WCM"]
[WhiteElo "1954"]
[BlackElo "1716"]
[WhiteTeam "Dominican Republic"]
[BlackTeam "Suriname"]
[WhiteFideId "6401074"]
[BlackFideId "8200475"]
[EventDate "2012.08.28"]

1. Nf3 c5 2. c4 e6 3. d4 d5 4. cxd5 Qxd5 5. Nc3 Qd8 6. e3 Nf6 7. Bc4 Be7 8. O-O
O-O 9. b3 a6 10. Bb2 b5 11. Bd3 Bb7 12. Rc1 Nbd7 13. Bb1 Rc8 14. Qe2 Qb6 15.
Rfd1 Rfd8 16. Ne5 Nf8 17. dxc5 Bxc5 18. Ng4 N8d7 19. Nxf6+ Nxf6 20. Rxd8+ Rxd8
21. Nd1 Be7 22. Be5 Rc8 23. Rxc8+ Bxc8 24. Bxf6 Bxf6 25. Qc2 Bd7 26. Qxh7+ Kf8
27. Qd3 Ke7 28. Nc3 Qc5 29. Ne2 Qb4 30. Qd1 Bc6 31. h3 Qc5 32. Nf4 Qg5 33. Qc1
Kd7 34. Qd2+ Kc7 35. g3 Qc5 36. Qc2 Qb4 37. Qc1 Bb2 38. Qd1 Qc5 39. Qc2 Qd6 40.
Qd3 Qb4 41. Qd1 Qc5 42. Qc2 Qd6 1/2-1/2

[Event "40th Olympiad Women"]
[Site "Istanbul TUR"]
[Date "2012.09.04"]
[Round "7.53"]
[Board "1"]
[White "Al-Rufaye, Iman Hasan Mohammed"]
[Black "Ishizuka, Mirai"]
[Result "1-0"]
[WhiteTitle "WIM"]
[WhiteElo "2171"]
[BlackElo "1839"]
[WhiteTeam "Iraq"]
[BlackTeam "Japan"]
[WhiteFideId "4801067"]
[BlackFideId "7001070"]
[EventDate "2012.08.28"]

1. e4 c5 2. Nf3 d6 3. d4 cxd4 4. Nxd4 Nf6 5. Nc3 g6 6. g3 Nc6 7. Bg2 Nxd4 8.
Qxd4 Bg7 9. O-O O-O 10. Qd3 Be6 11. Nd5 Nd7 12. Rb1 Rb8 13. c4 a6 14. a4 Qa5 15.
Nxe7+ Kh8 16. b3 Qc7 17. Nd5 Bxd5 18. Qxd5 Nc5 19. Rd1 Rfe8 20. Qxd6 Qxd6 21.
Rxd6 Nxe4 22. Bxe4 Rxe4 23. Be3 b5 24. axb5 axb5 25. c5 Re7 26. Rbd1 Bc3 27.
Rd8+ Rxd8 28. Rxd8+ Kg7 29. Bd4+ Bxd4 30. Rxd4 Re1+ 31. Kg2 Rc1 32. b4 Kf6 33.
Rd6+ Ke7 34. Rb6 1-0

[Event "40th Olympiad Women"]
[Site "Istanbul TUR"]
[Date "2012.09.04"]
[Round "7.53"]
[Board "2"]
[White "Nakagawa, Emiko"]
[Black "Al-Fayyadh, Zainab Asif Abdulah"]
[Result "1-0"]
[WhiteTitle "WCM"]
[WhiteElo "1798"]
[BlackElo "1635"]
[WhiteTeam "Japan"]
[BlackTeam "Iraq"]
[WhiteFideId "7000480"]
[BlackFideId "4806476"]
[EventDate "2012.08.28"]

1. d4 d5 2. c4 e6 3. Nc3 Nf6 4. Bg5 Be7 5. Nf3 h6 6. Bh4 O-O 7. e3 b6 8. cxd5
Nxd5 9. Bxe7 Nxc3 10. Bxd8 Nxd1 11. Be7 Nxb2 12. Bxf8 Kxf8 13. Rc1 c6 14. Be2
Bb7 15. O-O Nd7 16. Rb1 Na4 17. Rfc1 Rb8 18. Bd1 b5 19. Bxa4 bxa4 20. h3 f6 21.
Nd2 Nb6 22. Ne4 Ke7 23. Nc5 Kd6 24. Rb4 h5 25. Nxa4 Nxa4 26. Rxa4 Ra8 27. Rb4
Bc8 28. Rcb1 Kc7 29. a4 a5 30. Rc4 Ba6 31. Rc5 Bd3 32. Rb2 g6 33. f3 g5 34. Kf2
Ra6 35. Rc3 Bg6 36. e4 Rb6 37. Rcb3 Rxb3 38. Rxb3 Bf7 39. Rb2 Bg6 40. Ke3 Bf7
41. Kd2 Be8 42. Kc3 Bd7 43. Kc4 Bc8 44. Kc5 Bb7 45. Rb6 h4 46. e5 f5 47. Rxb7+
Kxb7 48. Kd6 Kb6 49. Kxe6 Kc7 50. Kxf5 Kd7 51. Ke4 1-0

[Event "40th Olympiad Women"]
[Site "Istanbul TUR"]
[Date "2012.09.04"]
[Round "7.53"]
[Board "4"]
[White "Hoshino, Karen"]
[Black "Abdulzahra, Sali Abbas"]
[Result "1-0"]
[BlackTitle "WFM"]
[WhiteElo "1640"]
[BlackElo "1638"]
[WhiteTeam "Japan"]
[BlackTeam "Iraq"]
[WhiteFideId "2137984"]
[BlackFideId "4804929"]
[EventDate "2012.08.28"]

1. d4 d5 2. c4 c6 3. cxd5 cxd5 4. Nc3 Nf6 5. Bf4 Bf5 6. e3 a6 7. Bd3 Bg6 8. Nf3
e6 9. O-O Bd6 10. Bg3 Nc6 11. a3 Rc8 12. Rc1 Qc7 13. Bxd6 Qxd6 14. Bxg6 hxg6 15.
Na4 Ng4 16. h3 Nf6 17. Nc5 Qc7 18. Nd3 Ne4 19. Nde5 g5 20. Nxc6 bxc6 21. Ne5 Qd6
22. Re1 f6 23. Nf3 Rh7 24. Qa4 g4 25. Qxa6 Rc7 26. hxg4 g5 27. Re2 Rh6 28. Qa8+
Kf7 29. Rec2 Kg6 30. Qe8+ Rf7 31. Rxc6 Qe7 32. Rxe6 Qxe8 33. Rxe8 Rfh7 34. Kf1
Nd2+ 35. Ke2 Nxf3 36. gxf3 Rb7 37. b4 Ra7 38. Ra1 Rhh7 39. a4 Rhb7 40. a5 Rxb4
41. Rc8 Kf7 42. Rc5 Ke6 43. Kf1 Rb8 44. Kg2 Kd6 45. Kg3 Rh8 46. Rb1 Rah7 47.
Rb6+ Kd7 48. Rxd5+ Kc7 49. Rc5+ Kd7 50. Rb7+ Kd6 51. Rxh7 Rxh7 52. f4 Rg7 53.
fxg5 fxg5 54. f4 gxf4+ 55. Kxf4 Rf7+ 56. Kg3 Re7 57. Rc3 Ra7 58. Ra3 Kd5 59. g5
Ra6 60. Kg4 Ke4 61. Kh5 Kf5 62. d5 Ra8 63. Kh4 Rh8+ 64. Kg3 Kxg5 65. a6 Ra8 66.
a7 Kf5 67. d6 Ke6 68. Ra6 Kd7 69. e4 Rg8+ 70. Kf4 Rf8+ 71. Ke5 Re8+ 72. Kd5 Ra8
73. e5 Kd8 74. e6 Ke8 75. Kc6 Kd8 76. Kb7 1-0

[Event "40th Olympiad Women"]
[Site "Istanbul TUR"]
[Date "2012.09.04"]
[Round "7.55"]
[Board "4"]
[White "Hearne, Sarah-Jane"]
[Black "Salim-Moussa, Seydi"]
[Result "1/2-1/2"]
[WhiteTitle "WCM"]
[WhiteElo "1565"]
[BlackElo "1806"]
[WhiteTeam "Ireland"]
[BlackTeam "Netherlands Antilles"]
[WhiteFideId "2503018"]
[BlackFideId "7500440"]
[EventDate "2012.08.28"]

1. e4 d6 2. d4 Nf6 3. Nc3 g6 4. f3 Bg7 5. Be3 O-O 6. Qd2 Nbd7 7. Bh6 e5 8. Bxg7
Kxg7 9. O-O-O a6 10. g4 b5 11. h4 h5 12. Qg2 Rh8 13. dxe5 Nxe5 14. g5 Ng8 15.
Qg3 Qe8 16. Nd5 Qc6 17. f4 Nd7 18. Ne2 Nb6 19. Nd4 Qd7 20. Bh3 Qd8 21. Qc3 Kh7
22. Nc6 Nxd5 23. Qxh8+ Kxh8 24. Nxd8 Bxh3 25. Rxh3 Nxf4 26. Rf3 Rxd8 27. Rxf4
Kg7 28. e5 d5 29. a4 Ne7 30. axb5 axb5 31. Rdf1 Nf5 32. Kd2 Re8 33. Re1 c5 34.
b4 c4 35. c3 Kf8 36. Kc2 Ke7 37. Ra1 Kf8 38. Re1 Re7 39. Kd2 Re6 40. Kc2 Ra6 41.
Kb2 Ke7 42. Ra1 Rxa1 43. Kxa1 Ke6 44. Kb2 Kxe5 45. Rf1 d4 46. cxd4+ Kxd4 47.
Rd1+ Ke4 48. Rd7 Nxh4 49. Rxf7 Nf3 50. Rf6 h4 1/2-1/2

[Event "40th Olympiad Women"]
[Site "Istanbul TUR"]
[Date "2012.09.04"]
[Round "7.57"]
[Board "4"]
[White "Liao, Jo-Yu"]
[Black "Awad, Omaima"]
[Result "1-0"]
[BlackTitle "WCM"]
[WhiteElo "1520"]
[BlackElo "1675"]
[WhiteTeam "Chinese Taipei"]
[BlackTeam "Yemen"]
[WhiteFideId "16300459"]
[BlackFideId "9400117"]
[EventDate "2012.08.28"]

1. e4 e5 2. Nf3 Nc6 3. Bc4 Nd4 4. c3 Nxf3+ 5. Qxf3 Nf6 6. d3 d6 7. h3 Be6 8. Bb3
Be7 9. Be3 Bxb3 10. axb3 a6 11. Nd2 d5 12. exd5 Nxd5 13. Qe2 Nxe3 14. fxe3 Bh4+
15. Kd1 O-O 16. Kc2 Qd5 17. Qf3 Qxf3 18. Nxf3 Bf6 19. e4 a5 20. Ra2 Rfe8 21.
Rha1 Rad8 22. Rxa5 b6 23. Rd5 Kf8 24. Rxd8 Rxd8 25. Ra7 Rd7 26. b4 g6 27. Ra1
Bg7 28. g4 h6 29. Rd1 Re7 30. Ra1 Ke8 31. h4 f5 32. gxf5 gxf5 33. Ra8+ Kd7 34.
exf5 Rf7 35. Rg8 Ke7 36. Kd2 Kf6 37. Ra8 Kxf5 38. Ra1 Kg4 39. Rg1+ Kh5 40. Ke3
Bf6 41. Rg2 Bxh4 42. Rh2 Rf4 43. d4 Rxf3+ 44. Kxf3 exd4 45. cxd4 Kg5 46. Rc2 Kf5
47. Rxc7 Bf6 48. Rc6 Bxd4 49. Rxh6 Ke5 50. Rh5+ Kd6 51. b3 Kc6 52. Ke4 Bc3 53.
b5+ Kd6 54. Kd3 Bb4 55. Kc4 Be1 56. Rh6+ Kc7 57. Kd5 Bf2 58. Rh7+ Kc8 59. Ke4 1-0

[Event "40th Olympiad Women"]
[Site "Istanbul TUR"]
[Date "2012.09.04"]
[Round "7.59"]
[Board "2"]
[White "Gray, Krishna"]
[Black "Siddiqui, Nida Mishraz"]
[Result "0-1"]
[WhiteElo "1728"]
[BlackElo "1670"]
[WhiteTeam "Jamaica"]
[BlackTeam "Pakistan"]
[WhiteFideId "7400659"]
[BlackFideId "7800495"]
[EventDate "2012.08.28"]

1. e4 e5 2. Nf3 Nc6 3. Bc4 Bc5 4. b4 Be7 5. O-O d6 6. a3 Nf6 7. Re1 O-O 8. c3
Nxe4 9. Rxe4 d5 10. Bxd5 Qxd5 11. Qe1 f5 12. Re3 e4 13. Nd4 Nxd4 14. cxd4 Qxd4
15. Nc3 Bd6 16. g3 Qf6 17. Rb1 Qg6 18. Bb2 f4 19. Rxe4 Bf5 20. Rc1 Bxe4 21. Nxe4
Rae8 22. d3 fxg3 23. hxg3 Rf3 24. Qd1 Ref8 25. Bd4 R3f5 26. Kg2 Be5 27. Be3 Bf4
28. Bxf4 Rxf4 29. Rxc7 h5 30. Rxb7 Rxe4 31. Qb3+ Qe6 32. Qc3 Rg4 33. Rc7 Qf6 34.
Qb3+ Kh8 35. Rc2 Qf3+ 36. Kh2 h4 0-1

[Event "40th Olympiad Women"]
[Site "Istanbul TUR"]
[Date "2012.09.04"]
[Round "7.61"]
[Board "1"]
[White "Pustovoitova, Daria"]
[Black "Vovk, Oksana"]
[Result "1/2-1/2"]
[WhiteTitle "FM"]
[BlackTitle "WIM"]
[WhiteElo "2294"]
[BlackElo "2159"]
[WhiteTeam "IBCA"]
[BlackTeam "Denmark"]
[WhiteFideId "4182146"]
[BlackFideId "1404695"]
[EventDate "2012.08.28"]

1. f4 d5 2. Nf3 Nf6 3. g3 Nbd7 4. Bg2 b6 5. O-O Bb7 6. d3 g6 7. c3 Bg7 8. Kh1
O-O 9. Be3 c5 10. Nbd2 Ng4 11. Bg1 e5 12. e3 Qc7 13. f5 Bh6 14. Qe2 Ngf6 15.
fxg6 hxg6 16. Ne1 e4 17. dxe4 dxe4 18. g4 a5 19. h3 Qg3 20. Nc2 Qe5 21. Bh2 Qe6
22. c4 Rad8 23. Qf2 Rfe8 24. Rad1 Bg7 25. Na3 Ne5 26. Nb5 Rd7 27. b3 Red8 28.
Qe2 Nd3 29. Bc7 Rc8 30. Bg3 Rcd8 31. Nb1 Ne5 32. Rxd7 Rxd7 33. N1c3 Nf3 34. Nc7
Qe7 35. N7d5 Nxd5 36. Nxd5 Bxd5 37. cxd5 Rxd5 38. Bxf3 exf3 39. Qxf3 Rd2 40. Rf2
Rxf2 41. Bxf2 Bf6 1/2-1/2

[Event "40th Olympiad Women"]
[Site "Istanbul TUR"]
[Date "2012.09.04"]
[Round "7.61"]
[Board "2"]
[White "Guindy, Esmat"]
[Black "Debowska, Teresa"]
[Result "1-0"]
[WhiteTitle "WFM"]
[BlackTitle "FM"]
[WhiteElo "2132"]
[BlackElo "1837"]
[WhiteTeam "Denmark"]
[BlackTeam "IBCA"]
[WhiteFideId "1401637"]
[BlackFideId "1120816"]
[EventDate "2012.08.28"]

1. d4 Nf6 2. c4 g6 3. g3 Bg7 4. Bg2 O-O 5. Nf3 d6 6. Nc3 c6 7. O-O Nbd7 8. e4 e5
9. h3 Re8 10. Be3 a5 11. Qd2 exd4 12. Nxd4 Nc5 13. Rae1 Qe7 14. Kh2 Qd7 15. Bg5
Ne6 16. Nxe6 Qxe6 17. b3 Nd7 18. Rd1 Nc5 19. Rfe1 Be5 20. f4 Bg7 21. f5 Qe5 22.
Nb1 Bf8 23. fxg6 hxg6 24. Bf4 Qh5 25. Qe2 Qh7 26. Qf3 Ne6 27. Bc1 c5 28. Nc3 Nd4
29. Qf2 Bg4 30. Nd5 Bg7 31. Rd3 Re6 32. Bg5 f5 33. Nc7 fxe4 34. Nxe6 Nf3+ 35.
Rxf3 exf3 36. Re4 Bxe6 37. Rh4 1-0

[Event "40th Olympiad Women"]
[Site "Istanbul TUR"]
[Date "2012.09.04"]
[Round "7.61"]
[Board "3"]
[White "Karsokaite, Irena"]
[Black "Fredericia, Louise"]
[Result "0-1"]
[BlackTitle "WFM"]
[WhiteElo "1632"]
[BlackElo "2091"]
[WhiteTeam "IBCA"]
[BlackTeam "Denmark"]
[WhiteFideId "12805220"]
[BlackFideId "1404113"]
[EventDate "2012.08.28"]

1. e4 g6 2. d3 Bg7 3. g3 c5 4. Bg2 Nc6 5. Ne2 e6 6. O-O Nge7 7. Nbc3 O-O 8. Be3
Nd4 9. Qd2 Nec6 10. Nd1 d6 11. c3 Nxe2+ 12. Qxe2 Rb8 13. Qd2 e5 14. h3 Be6 15.
Bh6 Qd7 16. Bxg7 Kxg7 17. Kh2 d5 18. exd5 Bxd5 19. Bxd5 Qxd5 20. Ne3 Qd7 21. Ng4
f5 22. Ne3 f4 23. Ng2 Rbd8 24. Rad1 g5 25. Qe1 Rf6 26. Qe4 Qf7 27. Qf3 Rd7 28.
b3 h6 29. Qg4 Rfd6 30. Ne1 e4 31. h4 Ne5 32. Qe2 Qe6 33. hxg5 exd3 34. Qh5 Qf5
35. Nf3 Nxf3+ 36. Qxf3 hxg5 37. g4 Qd5 38. Kg2 Rh6 39. Qxd5 Rxd5 40. Kf3 Re6 41.
Rd2 b5 42. Rh1 c4 43. Rb1 Rde5 44. Rbb2 Re7 45. bxc4 bxc4 46. a4 a5 47. Ra2 Rb7
48. Rab2 Rxb2 49. Rxb2 Kf6 50. Rb6+ Ke7 51. Rb2 Re1 52. Rd2 Kd6 53. Rb2 Kc6 54.
Rd2 Kd5 55. Rb2 Rc1 56. Rb5+ Kc6 57. Rxg5 d2 58. Rg6+ Kd7 59. Rg7+ Ke6 60. Rg6+
Kf7 61. Rd6 d1=Q+ 62. Rxd1 Rxd1 63. Kxf4 Rd3 0-1

[Event "40th Olympiad Women"]
[Site "Istanbul TUR"]
[Date "2012.09.04"]
[Round "7.61"]
[Board "4"]
[White "Jorgensen, Carina Eilegaard"]
[Black "Benkunskiene, Violeta"]
[Result "1-0"]
[WhiteElo "2012"]
[BlackElo "1643"]
[WhiteTeam "Denmark"]
[BlackTeam "IBCA"]
[WhiteFideId "1419897"]
[BlackFideId "12804991"]
[EventDate "2012.08.28"]

1. c4 Nf6 2. g3 e6 3. Bg2 d5 4. Nf3 Be7 5. O-O O-O 6. Qc2 c6 7. b3 Nbd7 8. Bb2
b6 9. d3 Bb7 10. Nbd2 Rc8 11. e4 dxe4 12. dxe4 Nc5 13. e5 Nfd7 14. b4 Na6 15. a3
f6 16. Nd4 Nc7 17. exf6 Bxf6 18. Nxc6 Bxc6 19. Bxc6 Bxb2 20. Qxb2 Nf6 21. Nf3
Qe7 22. Rad1 Rcd8 23. Ne5 Rxd1 24. Rxd1 Rd8 25. Rd4 Rxd4 26. Qxd4 Nce8 27. Bxe8
Nxe8 28. Qd7 Qxd7 29. Nxd7 Nd6 30. Ne5 a6 31. Kf1 g6 32. Ke2 Kg7 33. Kd3 Nc8 34.
Nd7 a5 35. bxa5 bxa5 36. c5 Kf7 37. Kc4 Ke7 38. Ne5 Kf6 39. Nc6 e5 40. Nxa5 Ne7
41. Nb3 Ke6 42. a4 Kd7 43. a5 Kc6 44. Nc1 Kb7 45. Kb5 e4 46. Nb3 1-0

[Event "40th Olympiad Women"]
[Site "Istanbul TUR"]
[Date "2012.09.04"]
[Round "7.62"]
[Board "1"]
[White "Melnik, Galina"]
[Black "Greeff, Melissa"]
[Result "0-1"]
[WhiteTitle "WFM"]
[BlackTitle "WGM"]
[WhiteElo "1999"]
[BlackElo "2091"]
[WhiteTeam "IPCA"]
[BlackTeam "South Africa"]
[WhiteFideId "4121929"]
[BlackFideId "14301504"]
[EventDate "2012.08.28"]

1. d4 Nf6 2. Nf3 e6 3. c4 Bb4+ 4. Bd2 Qe7 5. a3 Bxd2+ 6. Qxd2 d6 7. Nc3 O-O 8.
e4 e5 9. d5 a5 10. Be2 Na6 11. Qc2 Bd7 12. Nd2 Ne8 13. O-O Qg5 14. Qd1 f5 15.
exf5 Bxf5 16. Nce4 Qg6 17. Bh5 Qh6 18. b4 Nf6 19. Nxf6+ Qxf6 20. Qe2 axb4 21.
Bg4 bxa3 22. Rxa3 Nc5 23. Rxa8 Rxa8 24. Bxf5 Qxf5 25. Qe3 Qd3 26. Qxd3 Nxd3 27.
f3 Ra2 28. Rd1 Rc2 29. Ne4 Nb2 30. Rd2 Rc1+ 31. Kf2 Nxc4 32. Ra2 h6 33. Ra7 Rc2+
34. Kg3 Ne3 35. Rxb7 Nxd5 36. Rb8+ Kf7 37. Rc8 Nf4 38. Nf2 g5 39. Rh8 h5 40. Rc8
h4+ 41. Kg4 Rxf2 42. Kf5 Ne6 43. Rh8 Rxg2 0-1

[Event "40th Olympiad Women"]
[Site "Istanbul TUR"]
[Date "2012.09.04"]
[Round "7.62"]
[Board "2"]
[White "Solomons, Anzel"]
[Black "Kurochkina, Elena"]
[Result "1-0"]
[WhiteTitle "WIM"]
[WhiteElo "1927"]
[BlackElo "1797"]
[WhiteTeam "South Africa"]
[BlackTeam "IPCA"]
[WhiteFideId "14300800"]
[BlackFideId "24145890"]
[EventDate "2012.08.28"]

1. Nf3 f5 2. d3 d5 3. g3 Nf6 4. Bg2 e6 5. O-O Bd6 6. b3 Qe7 7. c4 c6 8. Bb2 O-O
9. Nbd2 Nbd7 10. Re1 f4 11. e4 fxe3 12. Rxe3 Ng4 13. Re1 Bc5 14. d4 Bd6 15. h3
Nh6 16. Qe2 Re8 17. Ne5 Nxe5 18. dxe5 Bc5 19. Kh2 Rf8 20. f4 Nf5 21. Nf3 Qf7 22.
Qd2 Be7 23. Nd4 Bd7 24. cxd5 cxd5 25. Rac1 Rac8 26. Rxc8 Rxc8 27. Rc1 Nxd4 28.
Rxc8+ Bxc8 29. Bxd4 b6 30. Qc2 Qe8 31. f5 Qd7 32. fxe6 Qxe6 33. Bxd5 Qxd5 34.
Qxc8+ Kf7 35. Qc4 Qxc4 36. bxc4 Ke6 37. g4 Bg5 38. Kg3 Bd2 39. Kf3 Bg5 40. Ke4
Bd2 41. a4 Bb4 42. h4 Be1 43. h5 Bd2 44. Bf2 Bc3 45. Bg3 Bb2 46. a5 Bc3 47. a6
Bb4 48. Bf2 Bc5 49. Bxc5 bxc5 50. g5 1-0

[Event "40th Olympiad Women"]
[Site "Istanbul TUR"]
[Date "2012.09.04"]
[Round "7.62"]
[Board "3"]
[White "Kaydanovich, Marina"]
[Black "Frick, Denise"]
[Result "1/2-1/2"]
[BlackTitle "WIM"]
[WhiteElo "1761"]
[BlackElo "1896"]
[WhiteTeam "IPCA"]
[BlackTeam "South Africa"]
[WhiteFideId "4134877"]
[BlackFideId "14300818"]
[EventDate "2012.08.28"]

1. d4 d5 2. Nf3 Nf6 3. Bg5 e6 4. e3 h6 5. Bh4 c6 6. c3 Be7 7. Bd3 O-O 8. h3 Nbd7
9. Nbd2 c5 10. O-O a6 11. a4 c4 12. Bc2 b6 13. b3 cxb3 14. Bxb3 Bb7 15. Re1 Rc8
16. Rc1 b5 17. axb5 axb5 18. Qe2 Qa5 19. Nb1 Rfe8 20. Bc2 Ne4 21. Bxe7 Rxe7 22.
Bd3 Ba6 23. Qb2 Nd6 24. Nbd2 Nf6 25. Ne5 Rec7 26. Nb3 Qb6 27. Nc5 Nfe4 28. Ned7
Qc6 29. Ne5 Qb6 30. Ned7 Qc6 31. f3 Nxc5 32. Nxc5 Nc4 33. Qb4 Ra8 34. Rb1 Rb8
35. Re2 Bc8 36. Kf2 Ra7 37. Bxc4 dxc4 38. Rbb2 Qb6 39. Ra2 Rba8 40. Rab2 Ra5 41.
Qxc4 Bb7 42. Qb4 Bc6 43. Rec2 Qc7 44. c4 bxc4 45. Qxc4 Bd5 46. Qb4 Qd6 47. Qb6
Qxb6 48. Rxb6 Ra2 49. Rxa2 Rxa2+ 50. Kg3 Bc4 51. Ne4 Bf1 52. Nf2 Ra3 53. Rb8+
Kh7 54. e4 Ra4 55. Rb1 Be2 56. Rb2 Ba6 57. Rd2 Bb7 58. d5 exd5 59. exd5 Ra8 60.
Ne4 Rd8 61. d6 Kg6 62. Nc5 Bc6 63. Kf4 Kf6 64. Ne4+ Ke6 65. h4 Bxe4 66. Kxe4 1/2-1/2

[Event "40th Olympiad Women"]
[Site "Istanbul TUR"]
[Date "2012.09.04"]
[Round "7.62"]
[Board "4"]
[White "Tlale, Tshepang"]
[Black "Konkolova, Nikola"]
[Result "1-0"]
[WhiteTitle "WFM"]
[WhiteElo "1782"]
[BlackElo "1501"]
[WhiteTeam "South Africa"]
[BlackTeam "IPCA"]
[WhiteFideId "14304503"]
[BlackFideId "14924242"]
[EventDate "2012.08.28"]

1. e4 e5 2. d4 exd4 3. Qxd4 Nc6 4. Qe3 Nge7 5. Bd2 a6 6. Nc3 d6 7. O-O-O Be6 8.
f4 g6 9. Nd5 Bg7 10. Bc3 Bxc3 11. Qxc3 Kd7 12. Nf6+ Kc8 13. a3 h5 14. h3 Qf8 15.
Nf3 Qg7 16. e5 dxe5 17. fxe5 Nf5 18. Bd3 Ne3 19. Rd2 Qh6 20. Kb1 Nf5 21. Re1
Nfe7 22. Bc4 Bxc4 23. Qxc4 Qg7 24. Qc5 b6 25. Qc3 Kb7 26. Red1 Rad8 27. Nd7 Rhe8
28. Ng5 Nf5 29. Qf3 Qh6 30. Nxf7 Qg7 31. Nxd8+ Rxd8 32. Nc5+ 1-0

[Event "40th Olympiad Women"]
[Site "Istanbul TUR"]
[Date "2012.09.05"]
[Round "8.1"]
[Board "1"]
[White "Socko, Monika"]
[Black "Hou, Yifan"]
[Result "0-1"]
[WhiteTitle "GM"]
[BlackTitle "GM"]
[WhiteElo "2467"]
[BlackElo "2599"]
[WhiteTeam "Poland"]
[BlackTeam "China"]
[WhiteFideId "1106619"]
[BlackFideId "8602980"]
[EventDate "2012.08.28"]

1. d4 Nf6 2. c4 e6 3. Nf3 b6 4. g3 Bb4+ 5. Bd2 Bxd2+ 6. Qxd2 Ba6 7. b3 d5 8. Bg2
c6 9. O-O O-O 10. Nc3 dxc4 11. bxc4 Bxc4 12. Ne5 Ba6 13. Nxc6 Nxc6 14. Bxc6 Rc8
15. Bf3 e5 16. d5 Qd6 17. Rfc1 Rc4 18. a4 e4 19. Bg2 Rfc8 20. Bh3 R8c7 21. e3
R4c5 22. Bg2 Qe5 23. d6 Rd7 24. Nb5 Bxb5 25. axb5 Rxd6 26. Qe1 Rxc1 27. Qxc1 g6
28. Rxa7 Qxb5 29. Bf1 Qf5 30. h3 Kg7 31. Qc7 Rd7 32. Qb8 Rd1 33. Ra8 Nd7 34.
Qh8+ Kh6 35. Ra1 Rd2 36. f4 exf3 37. Ra4 g5 38. Rc4 Rd1 39. Rc6+ f6 40. Kf2
Rxf1+ 0-1

[Event "40th Olympiad Women"]
[Site "Istanbul TUR"]
[Date "2012.09.05"]
[Round "8.1"]
[Board "2"]
[White "Zhao, Xue"]
[Black "Rajlich, Iweta"]
[Result "1-0"]
[WhiteTitle "GM"]
[BlackTitle "IM"]
[WhiteElo "2549"]
[BlackElo "2412"]
[WhiteTeam "China"]
[BlackTeam "Poland"]
[WhiteFideId "8601283"]
[BlackFideId "1108166"]
[EventDate "2012.08.28"]

1. d4 Nf6 2. c4 g6 3. g3 d5 4. cxd5 Nxd5 5. Bg2 Bg7 6. e4 Nb6 7. Ne2 c5 8. d5
O-O 9. O-O e6 10. Nec3 Na6 11. a4 Nc4 12. Nd2 Ne5 13. Nf3 exd5 14. Nxe5 d4 15.
f4 dxc3 16. bxc3 Qxd1 17. Rxd1 Be6 18. Be3 Rfd8 19. Bf1 Bb3 20. Rxd8+ Rxd8 21.
Rb1 c4 22. Nxc4 Bxa4 23. e5 b5 24. Na5 Rc8 25. Bxb5 Bxb5 26. Rxb5 Rxc3 27. Bxa7
Bf8 28. Nb3 Rc2 29. Rd5 Nc7 30. Rd1 Nb5 31. Bf2 Nc3 32. Rd2 Rxd2 33. Nxd2 f5 34.
exf6 Kf7 35. Kg2 Nd5 36. Bd4 Nxf6 37. Bxf6 Kxf6 38. g4 Ke6 39. Kf3 Kd5 40. Ne4
Be7 41. Ng3 Bd8 42. h3 Be7 43. Ke3 Bc5+ 44. Kd3 Bd6 45. Ne2 Bb4 46. Nc1 Bd6 47.
Ke3 Bc5+ 48. Kf3 Be7 49. Nb3 Bd8 50. Na1 Be7 51. Nc2 h6 52. Ke3 Bd6 53. Ne1 Ba3
54. Kd3 Bc1 55. Ng2 g5 56. f5 h5 57. Ne3+ Bxe3 58. Kxe3 hxg4 59. hxg4 Ke5 60.
Kf3 Kd5 61. Ke2 Kd6 62. Kd2 1-0

[Event "40th Olympiad Women"]
[Site "Istanbul TUR"]
[Date "2012.09.05"]
[Round "8.2"]
[Board "2"]
[White "Muzychuk, Mariya"]
[Black "Gunina, Valentina"]
[Result "1/2-1/2"]
[WhiteTitle "IM"]
[BlackTitle "IM"]
[WhiteElo "2466"]
[BlackElo "2507"]
[WhiteTeam "Ukraine"]
[BlackTeam "Russia"]
[WhiteFideId "14114550"]
[BlackFideId "4167570"]
[EventDate "2012.08.28"]

1. e4 c6 2. d4 d5 3. Nc3 dxe4 4. Nxe4 Bf5 5. Ng3 Bg6 6. h4 h6 7. Nf3 Nd7 8. h5
Bh7 9. Bd3 Bxd3 10. Qxd3 e6 11. Bd2 Ngf6 12. O-O-O Be7 13. Kb1 O-O 14. Ne4 Nxe4
15. Qxe4 Nf6 16. Qe2 Qd5 17. Ne5 Qe4 18. Qxe4 Nxe4 19. Be1 Rac8 20. f3 Nd6 21.
g4 Rfd8 22. Bf2 Bf6 23. Rhe1 Nb5 24. f4 Rd6 25. c4 Nc7 26. Nf3 b5 27. g5 Be7 28.
gxh6 gxh6 29. c5 Rd5 30. Ne5 Ne8 31. f5 Ng7 32. fxe6 fxe6 33. Be3 Kh7 34. Rg1
Nf5 35. Bf2 Bf6 36. Rde1 Nxd4 37. Bxd4 Rxd4 38. Ng4 Bg5 39. Rxe6 Rc4 40. Nf6+
Bxf6 41. Rxf6 Rxc5 42. Rf7+ Kh8 43. Rgg7 Rg5 44. Rh7+ Kg8 45. Rxa7 Rf8 46. Rxh6
Rf1+ 47. Kc2 Rf2+ 48. Kd3 c5 49. b3 Rd5+ 50. Ke3 Rff5 51. Rg6+ Kf8 52. Ra8+ Kf7
53. Ra7+ Kf8 54. h6 Rde5+ 55. Kd3 Rf3+ 56. Kd2 Rf2+ 57. Kd3 Rf3+ 58. Kd2 Rf2+ 1/2-1/2

[Event "40th Olympiad Women"]
[Site "Istanbul TUR"]
[Date "2012.09.05"]
[Round "8.2"]
[Board "3"]
[White "Kosintseva, Nadezhda"]
[Black "Zhukova, Natalia"]
[Result "1-0"]
[WhiteTitle "GM"]
[BlackTitle "GM"]
[WhiteElo "2524"]
[BlackElo "2442"]
[WhiteTeam "Russia"]
[BlackTeam "Ukraine"]
[WhiteFideId "4134974"]
[BlackFideId "14101513"]
[EventDate "2012.08.28"]

1. e4 e5 2. Nf3 Nc6 3. Bb5 a6 4. Ba4 Nf6 5. O-O Bc5 6. c3 b5 7. Bb3 d6 8. d3 h6
9. Be3 O-O 10. Nbd2 Re8 11. h3 Rb8 12. a4 Bb6 13. axb5 axb5 14. Re1 Be6 15. Bxe6
Rxe6 16. Bxb6 Rxb6 17. d4 Re8 18. Qc2 Qd7 19. Nf1 Rbb8 20. Rad1 Qc8 21. Ne3 Nh7
22. Nf5 Nf8 23. b4 Ng6 24. Qb3 Nf4 25. Kh2 Rb6 26. g3 Ng6 27. Kg2 Nb8 28. h4 Nd7
29. Qc2 Nf6 30. Rd2 Qa8 31. d5 Ra6 32. Qd3 Ra3 33. Rc2 Qa4 34. Qd2 Ra8 35. Qe2
Qb3 36. Rec1 Ra2 37. Ng1 Rxc2 38. Rxc2 Ra1 39. f3 Nh5 40. Qf2 Nf6 41. Ne3 Nf8
42. Qe2 Qb1 43. Qf1 Qxf1+ 44. Nxf1 N8d7 45. Ne3 Nb6 46. c4 bxc4 47. Nxc4 Nxc4
48. Rxc4 Ne8 49. Ne2 Kf8 50. Kf2 Ke7 51. Ke3 Kd7 52. Rc1 Rxc1 53. Nxc1 Nf6 54.
Ne2 Kc8 55. g4 g5 56. h5 Ng8 57. Kd3 Kb7 58. Kc4 Kb6 59. Nc3 Ne7 60. Nd1 Ka6 61.
Ne3 Kb6 62. Kb3 Kb5 63. Nc4 Nc8 64. Na3+ Kb6 65. Ka4 Ka6 66. b5+ Kb7 67. Kb4 Nb6
68. Nc2 Nc8 69. Ne3 Ne7 70. Nc4 Kb8 71. b6 Nc8 72. Kb5 Ne7 73. Na5 cxb6 74. Nc6+
Nxc6 75. Kxc6 b5 76. Kxd6 b4 77. Ke7 b3 78. d6 b2 79. d7 b1=Q 80. d8=Q+ Kb7 81.
Qd7+ Kb8 82. Qd6+ Kc8 83. Qxh6 Qb7+ 84. Kf8 Qb3 85. Qf6 1-0